000 00839cab a2200193 4500
001 ##L133462
008 060511n2006 000 0 eng u
035 _a(Sirsi) u133462
041 0 _aeng
100 1 _aBarrett, Suzanne
245 0 0 _aDublin office market
_bthe year ahead
260 _c2006
490 0 _aProperty Forecast
_v9(4) April 2006, 8-9(2)
520 _aLooks at the expansion on the Dublin office market in 2005 and its causes, and prospects for 2006. Re-emergence of confidence has driven the improved performance, with strong economic conditions and favourable labour market trends playing a part. Expectations for 2006 are for this level of take-up to be significantly surpassed. Graph and table.
590 _aIKA230506
651 4 _aDUBLIN
690 _aPROPERTY-COMMERCIAL PROPERTY-OFFICE PROPERTY
942 _n0
999 _c77019
_d77019